Prvá štafeta slovenských žien preplávala Lamanšský prieliv. Bola v nej aj Košičanka otužilé dámy si splnili sen, na ktorý sa pripravovali celé roky

Bibliographic Details
Main Author: Žureková, Michaela (Author)
Format: Article
Language:Slovak
PhysicalDescription:Fotografie
ISSN:1336-5320
Subjects:

MARC

LEADER 00000nab a2200000u 4500
001 vtls011996732
003 SK-MaSNL
005 20260303095501.0
008 201008|2020 xo ||||||| ||00 ||slo|
038 |a KEVKJB 
040 |a KEVKJB  |b slo  |e rda 
041 0 |a slo 
043 |a e-xo--- 
044 |a xo  |c SK 
072 7 |a 797  |x Vodné športy. Letecké športy  |2 konspekt 
080 |a 797.212.8.093.38  |2 2011 
100 1 |a Žureková, Michaela  |4 aut  |9 718102 
245 1 0 |a Prvá štafeta slovenských žien preplávala Lamanšský prieliv. Bola v nej aj Košičanka  |b otužilé dámy si splnili sen, na ktorý sa pripravovali celé roky  |c Michaela Žureková 
300 |b Fotografie 
336 |a text  |b txt  |2 rdacontent 
337 |a bez média  |b n  |2 rdamedia 
338 |a zväzok  |b nc  |2 rdacarrier 
600 1 7 |a Jusková, Zuzana,  |d 1974-  |2 kevkjb  |9 1086406 
650 0 7 |a diaľkové plávanie  |2 SNKPH  |9 29720 
651 7 |a Košice (Slovensko)  |2 SNKPHgeo  |9 18694 
773 0 |t Košický večer  |g Roč. 53, č. 39 (2020), s. 16  |x 1336-5320 
852 |a KEVKJB  |b KIS3GCP 
958 |a BX 
999 |c 1825213  |d 1827143